书目信息 |
| 题名: |
食用菌菌种生产技术
|
|
| 作者: | 张胜友 编著 | |
| 分册: | ||
| 出版信息: | 北京 中国科学技术出版社 2017 |
|
| 页数: | 14, 271页 | |
| 开本: | 21cm | |
| 丛书名: | ||
| 单 册: | ||
| 中图分类: | S646.036 | |
| 科图分类: | ||
| 主题词: | 食用菌--shi yong jun--菌种--培养(生物) | |
| 电子资源: | ||
| ISBN: | 978-7-5046-7479-1 | |
| 000 | 00965nam0 2200253 450 | |
| 001 | 012001002353 | |
| 005 | 20131110155859.0 | |
| 010 | @a978-7-5046-7479-1@dCNY32.00 | |
| 099 | @aCAL 012017166088 | |
| 100 | @a20171123d2017 em y0chiy50 ea | |
| 101 | 0 | @achi |
| 102 | @aCN@b110000 | |
| 105 | @aak a 000yy | |
| 106 | @ar | |
| 200 | 1 | @a食用菌菌种生产技术@Ashi yong jun jun zhong sheng chan ji shu@f张胜友编著 |
| 210 | @a北京@c中国科学技术出版社@d2017 | |
| 215 | @a14, 271页@c图@d21cm | |
| 320 | @a有书目 | |
| 330 | @a本书分为上篇:基础知识,下篇:生产实践,共十九章,具体包括:食用菌的形态特征,食用菌的营养与生长,食用菌菌种生产基础,食用菌的菌种制作,液体菌种生产新技术,平菇菌种生产,双孢蘑菇菌种生产与保藏,草菇菌种生产技术,大球盖菇菌种生产等内容。 | |
| 606 | 0 | @a食用菌@Ashi yong jun@x菌种@x培养(生物) |
| 690 | @aS646.036@v5 | |
| 701 | 0 | @a张胜友@Azhang sheng you@4编著 |
| 801 | 0 | @aCN@b北京卓展@c20191020 |
| 905 | @b1205381-4@dS646.036@e546@f4 | |
| 食用菌菌种生产技术/张胜友编著.-北京:中国科学技术出版社,2017 |
| 14, 271页:图;21cm |
| ISBN 978-7-5046-7479-1:CNY32.00 |
| 本书分为上篇:基础知识,下篇:生产实践,共十九章,具体包括:食用菌的形态特征,食用菌的营养与生长,食用菌菌种生产基础,食用菌的菌种制作,液体菌种生产新技术,平菇菌种生产,双孢蘑菇菌种生产与保藏,草菇菌种生产技术,大球盖菇菌种生产等内容。 |
| ● |
| 相关链接 |
|
|
|
|
正题名:食用菌菌种生产技术
索取号:S646.036/546
 
预约/预借
| 序号 | 登录号 | 条形码 | 馆藏地/架位号 | 状态 | 备注 |
| 1 | 1205381 | 212053819 | 第二样本阅览室/ [索取号:S646.036/546] | 在馆 | |
| 2 | 1205382 | 212053828 | 第三借阅区/ [索取号:S646.036/546] | 在馆 | |
| 3 | 1205383 | 212053837 | 第三借阅区/ [索取号:S646.036/546] | 在馆 | |
| 4 | 1205384 | 212053846 | 第三借阅区/ [索取号:S646.036/546] | 在馆 |